Statistics for Irish Football League Teams

Click here to take the quiz!

General Stats

  • This quiz has been taken 27 times
  • The average score is 11 of 20

Answer Stats

Club% Correct
Bohemians
83%
Cork City
83%
Derry City
78%
Dundalk
74%
Shamrock Rovers
74%
UCD
70%
Finn Harps
61%
Waterford
61%
Drogheda United
57%
Shelbourne
57%
Wexford
57%
Sligo Rovers
52%
St Patrick's Athletic
52%
Galway United
48%
Kerry
43%
Athlone Town
39%
Bray Wanderers
39%
Cobh Ramblers
35%
Longford Town
35%
Treaty United
22%

Score Distribution

Percentile by Number Answered

Percent of People with Each Score

Your Score History

You have not taken this quiz